000 00787nam a2200253Ia 4500
003 GCL
008 140319s9999 xx 000 0 ara d
040 _aGCL /
_cGCL
082 0 4 _aط
_b790
_bن ع
100 1 _aنبيل محمد ابراهيم
245 1 0 _aسلسلة عالم التسلية والمرح /
_cنبيل محمد ابراهيم
260 _a[S.N] :
_bدار الراتب الجامعية
300 _a95 ص
490 _aسلسلة عالم التسلية والمرح
_v0
650 0 4 _aالاطفال
650 0 4 _aرياض الاطفال
650 0 4 _aالالعاب
650 0 4 _aالترفيه
650 0 4 _aالتسالى
650 0 4 _aالالغاز
650 0 4 _aالفوازير
650 0 4 _aالكلمات المتقاطعة
942 _2ddc
_cBK
999 _c56341
_d56341